000
00216 a2200097 4500
001
44187
100
_a
Cotterall
245
_a
China an integrated study
260
_a
London
_b
Harrap London
_c
090
_c
27927
_d
27927
942
_a
NUST-CAE
_c
M
_c
19921
999
_c
279260
_d
279260